Normal view MARC view

Entry Personal Name

Number of records used in: 1

001 - CONTROL NUMBER

  • control field: 9412

003 - CONTROL NUMBER IDENTIFIER

  • control field: DLC

005 - DATE AND TIME OF LATEST TRANSACTION

  • control field: 20230904114224.0

008 - FIXED-LENGTH DATA ELEMENTS

  • fixed length control field: 800818n| acannaabn |n aaa

010 ## - LIBRARY OF CONGRESS CONTROL NUMBER

  • LC control number: n 80088076

035 ## - SYSTEM CONTROL NUMBER

  • System control number: (OCoLC)oca00469238

040 ## - CATALOGING SOURCE

  • Original cataloging agency: DLC
  • Language of cataloging: eng
  • Transcribing agency: DLC
  • Modifying agency: OCoLC

100 1# - HEADING--PERSONAL NAME

  • Personal name: Dougherty, Christopher

670 ## - SOURCE DATA FOUND

  • Source citation: His Interest and profit, 1980:
  • Information found: t.p. (Christopher Dougherty) pub. info. sht. (lecturer in economics, London Sch. of Econom. and Pol. Sci.)

Powered by Koha